000 00434nam a2200169Ia 4500
008 220531s9999 xx 000 0 und d
041 _amar
100 _aशिवदे सदाशिव
_951980
245 _aशिवपत्‍नी सर्इबाई
250 _a1ST
260 _bDiamand
_c2008
300 _a223
542 _d21-08-2008
650 _aHistory
_951981
906 _d2008-2009
999 _c30209
_d30209